Kalendarz imion - marzec - Statystyki

Ogólne statystyki
  • Ten quiz został rozwiązany 275 razy
  • Średni wynik to 19 z 31
Odpowiedzi na mapie
Odpowiedzi zakodowano w zielono-czerwonej skali na mapie do tego quizu, zgodnie z poniższymi procentami.
 
Statystyki odpowiedzi
Dzień Solenizanci % Poprawnych
30 Amelia | Leonard | Dobromir | Amadea | Kwiryna | Kwiryn | Mamertyn | Aniela | Litobor | Częstobor | Jan | Mamertyna | Piotr
86%
14 Fawila | Michał | Afrodyzy | Pamela | Bożeciecha | Matylda | Leona | Afrodyzjusz | Afrodyzja | Leon | Jakub | Piotr | Ewa
86%
2 Absalon | Paweł | Januaria | Agnieszka | Symplicjusz | Michał | Helena | Franciszek | Henryk | Krzysztof | Prosper
85%
5 Adrian | Fryderyk | Pakosław | Jan | Oliwia | Marek | Euzebiusz
84%
19 Bogdan | Jan | Józef | Leoncjusz | Marceli | Marek | Sybillina
84%
22 Paweł | Bogusław | August | Kazimierz | Katarzyna | Godzisław | Baldwin | Baldwina | Bazyli | Lea
83%
4 Adrian | Leonard | Lucjusz | Gerarda | Eugeniusz | Kazimierz | Gerard | Arkadiusz | Jakubina | Piotr
82%
17 Agrykola | Ambroży | Cieszysław | Gertruda | Józef | Patrycjusz | Patrycy | Patryk | Paweł | Regina | Witburga, Zbigniew | Zbygniew | Zbygniewa
81%
10 Makary | Porfirion | Marceli | Cyprian | Aleksander | Zwnisława | Gajus | Gaja | Piotr
77%
7 Paweł | Bazyli | Tomasz | Nadmir | Felicyta | German | Eubul
77%
3 Wirzchosława | Gerwina | Asteriusz | Samuel | Gerwin | Kinga | Kamila | Maryn | Maryniusz | Kunegunda | Tycjan | Piotr
77%
8 Miłogost | Wincenty | Stefan | Filemon | Jan | Julian | Beata | Herenia
76%
12 Bernard | Józefina | Grzegorz | Blizbor | Piotr
75%
1 Feliks | Herakles | Józef | Eudokia | Leon | Nicefor | Leona | Antoni | Joanna | Radosław | Budzisław | Albin
71%
27 Benedykt | Ernest | Lidia | Jan
70%
13 Roderyk | Patrycja | Bożena | Marek | Kasjan | Ernest | Trzebiesław | Krystyna | Letycja
70%
25 Mariola | Dyzma | Nikodem | Maria | Lutomysł | Ireneusz | Dula
63%
18 Aleksa | Narcyz | Boguchwał | Anzelm | Cyryl | Marta | Edward | Salwator | Aleksander | Trofim | Celestyna
60%
24 Sewer | Sofroniusz | Marek | Aldmir | Oldmir | Szymon | Dzirżysława | Gabriel | Bertrada | Ademar
60%
9 Mścisława | Dominik | Tarazjusz | Prudencjusz | Franciszka | Katarzyna | Przemyślibor
59%
28 Aleksander | Doroteusz | Guntram | Renata | Ingbert | Joanna | Kastor | Malachiasz | Malkolm | Pryskus | Rogat | Stefan
56%
23 Feliks | Pelagia | Zbysław | Eberhard | Wiktoriana | Wiktorianna | Wiktorian | Konrad | Piotra | Pelagiusz | Katarzyna | Oktawian
55%
29 Wiktoryn | Marek | Eustazy | Czcirad | Cyryl
47%
20 Klemens | Klaudia | Bogusław | Ambroży | Eufemia | Cyriaka | Wincenty | Patrycjusz | Anatol | Aleksander | Fotyna | Józefa | Ermegarda | Irmegarda | Kutbert | Wolfram | Archip
43%
6 Eugenia | Róża | Jordana | Koleta | Frydolin | Wiktor | Jordan | Będzimysł
42%
15 Klemens | Ludwika | Longina | Longin | Gościmir | Krzysztof | Placyd
39%
21 Benedykt | Marzanna | Klemencja | Mikołaj | Filemon | Ludomira | Teodul
22%
16 Hilary | Abraham | Cyriak | Hiacynt | Izabela | Artemia | Natalis | Herbert | Miłostryj
19%
26 Feliks | Emanuel | Emanuela | Teodor | Larysa | Nicefor | Manuela | Tworzymir | Bazyli | Montan
17%
31 Gwido | Beniamin | Kornelia | Dobromira | Balbina | Amos | Achacy
10%
11 Benedykt | Konstantyn | Prokop | Sofroniusz | Trofim | Kandyd | Drogosława | Konstanty
7%
Nie znaleziono quizów pasujących do podanych kryteriów
Rozkład punktacji
Procent ludzi z każdym wynikiem
Percentyl według liczby udzielonych odpowiedzi
Twoja historia wyników
Nie rozwiązałeś tego quizu